000 01020cam a22002174a 4500
005 20250605164108.0
008 250528s ||||||||||||||||||||||||d
035 _a17807
020 _a9781909682702
040 _aGR-AtMCL
_bgre
_dGR-AtMCL
_eAACR2
245 1 _aGlobal Childhoods / Critical Approaches to the Early Years
250 _a1st
260 _bCritical Publishing,
_c2015
300 _a134
520 _aThis book examines how culture and society shape childhoods through considering the lived experiences of children internationally. Preface: Introduction to Critical Thinking, An Introduction to Global Perspectives of Childhood, What is Childhood?, Families and Parenting, International Views on Education, Children's Rights and Children's Needs, Children's Health and Welfare, Global Inequalities and Children, Global Research and the Construction of Childhoods, Index.
700 1 _aDavison Chelle
_94069
700 1 _aEdwards Monica
_94070
942 _cBK
999 _c3207
_d3207